000 00392nam a2200145Ia 4500
008 230917s9999||||xx |||||||||||||| ||und||
040 _e74224
_aMAIN
041 _aEnglish
082 _a658.4 D536E
100 _aDhar, Upinder, ed.
245 0 _aExecutive skills for global managers for one and all
260 _aMumbai
_bHimalaya Publishing House
_c2000
300 _a247 p.
942 _cBK
999 _c106556
_d106556